00413nam a2200133Ia 4500008004100000020001800041100001800059245007900077260003400156300003400190500001900224650002100243650001500264191206s9999 xx 000 0 und d a9780241242346 aBooth, Thomas cThomas BoothaEnglish for everyone course book:blevel 1 business English/ aUK:bDorling Kindersleyc2017 a192 p. ;bcol. ill. :c23 cm. aIncludes index aEnglish language avocabulary